[Event "14th Vandoeuvre Open 2018"]
[Site "?"]
[Date "2018.01.05"]
[Round "8"]
[White "Oney, Remel"]
[Black "Obert, Julien"]
[Result "0-1"]
[WhiteElo "1828"]
[BlackElo "1923"]
[PlyCount "157"]
[EventDate "2018.??.??"]
[EventType "swiss"]
[EventCountry "FRA"]
[SourceTitle "Vandoeuvre"]
[TimeControl "5400+30"]
[WhiteClock "0:01:49"]
[BlackClock "0:00:54"]

1. d4 {[%emt 0:00:00]} Nf6 {[%emt 0:00:00]} 2. Bf4 {[%emt 0:00:01]} c5 {[%emt 0:00:54]} 3. c3 {[%emt 0:01:06]} Qb6 {[%emt 0:02:02]} 4. Qc2 {[%emt 0:02:09]} cxd4 {[%emt 0:02:12]} 5. cxd4 {[%emt 0:00:08]} Nc6 {[%emt 0:00:11]} 6. e3 {[%emt 0:00:52]} d6 {[%emt 0:08:15]} 7. Nf3 {[%emt 0:05:40]} Nb4 {[%emt 0:04:44]} 8. Qe2 {[%emt 0:11:15]} Bf5 {[%emt 0:25:22]} 9. Qb5+ {[%emt 0:08:28]} Qxb5 {[%emt 0:01:27]} 10. Bxb5+ {[%emt 0:00:08]} Bd7 {[%emt 0:00:51]} 11. Bxd7+ {[%emt 0:02:23]} Kxd7 {[%emt 0:01:29]} 12. Na3 {[%emt 0:00:24]} Nd3+ {[%emt 0:04:00]} 13. Ke2 {[%emt 0:00:27]} Nxf4+ {[%emt 0:00:22]} 14. exf4 {[%emt 0:00:03]} Nd5 {[%emt 0:02:17]} 15. g3 {[%emt 0:00:51]} e6 {[%emt 0:01:02]} 16. Nc4 {[%emt 0:02:55]} Be7 {[%emt 0:01:45]} 17. Ne3 {[%emt 0:01:56]} Nb6 {[%emt 0:01:44]} 18. a4 {[%emt 0:01:18]} a5 {[%emt 0:00:35]} 19. Ra3 {[%emt 0:01:58]} Rhc8 {[%emt 0:00:50]} 20. Rb3 {[%emt 0:01:21]} Rc6 {[%emt 0:01:10]} 21. d5 {[%emt 0:02:36]} Nxd5 {[%emt 0:01:18]} 22. Nxd5 {[%emt 0:00:33]} exd5 {[%emt 0:00:23]} 23. Rxb7+ {[%emt 0:00:12]} Rc7 {[%emt 0:00:40]} 24. Rxc7+ {[%emt 0:01:37]} Kxc7 {[%emt 0:00:02]} 25. Rc1+ {[%emt 0:01:13]} Kd7 {[%emt 0:01:16]} 26. Nd4 {[%emt 0:02:40]} Rb8 {[%emt 0:06:23]} 27. Nb5 {[%emt 0:00:39]} Bd8 {[%emt 0:02:55]} 28. Rd1 {[%emt 0:08:37]} Kc6 {[%emt 0:04:51]} 29. Rc1+ {[%emt 0:02:23]} Kd7 {[%emt 0:00:33]} 30. b3 {[%emt 0:03:44]} Bb6 {[%emt 0:01:54]} 31. Kf3 {[%emt 0:02:52]} Re8 {[%emt 0:05:49]} 32. g4 {[%emt 0:02:23]} Bc5 {[%emt 0:01:08]} 33. h4 {[%emt 0:02:14]} Re4 {[%emt 0:01:53]} 34. Rd1 {[%emt 0:01:49]} Rb4 {[%emt 0:02:44]} 35. Rd3 {[%emt 0:00:26]} Kc6 {[%emt 0:01:40]} 36. g5 {[%emt 0:03:15]} g6 {[%emt 0:00:54]} 37. Kg3 {[%emt 0:06:09]} Kd7 {[%emt 0:04:35]} 38. f3 {[%emt 0:01:16]} Kc6 {[%emt 0:02:21]} 39. Kg4 {[%emt 0:03:06]} Kd7 {[%emt 0:00:39]} 40. Na3 {[%emt 0:09:15]} Rd4 {[%emt 0:00:37]} 41. Rxd4 {[%emt 0:00:57]} Bxd4 {[%emt 0:00:01]} 42. f5 {[%emt 0:03:09]} Bb2 {[%emt 0:00:32]} 43. Nb1 {[%emt 0:01:41]} d4 {[%emt 0:01:19]} 44. fxg6 {[%emt 0:00:34]} fxg6 {[%emt 0:00:15]} 45. f4 {[%emt 0:01:58]} Ke6 {[%emt 0:00:29]} 46. Nd2 {[%emt 0:01:14]} Bc3 {[%emt 0:00:49]} 47. Ne4 {[%emt 0:01:50]} Bb4 {[%emt 0:00:47]} 48. Kf3 {[%emt 0:00:56]} Kf5 {[%emt 0:01:52]} 49. Ng3+ {[%emt 0:00:01]} Ke6 {[%emt 0:00:16]} 50. Ke4 {[%emt 0:00:02]} Be1 {[%emt 0:03:05]} 51. f5+ {[%emt 0:00:22]} Kf7 {[%emt 0:01:18]} 52. fxg6+ {[%emt 0:01:04]} hxg6 {[%emt 0:00:11]} 53. Ne2 {[%emt 0:00:48]} Bxh4 {[%emt 0:00:29]} 54. Nxd4 {[%emt 0:00:35]} Bxg5 {[%emt 0:00:22]} 55. Nc6 {[%emt 0:00:43]} Bd2 {[%emt 0:00:55]} 56. Kd3 {[%emt 0:00:41]} Be1 {[%emt 0:00:19]} 57. Ke2 {[%emt 0:00:20]} Bc3 {[%emt 0:00:29]} 58. Kd3 {[%emt 0:00:11]} Be1 {[%emt 0:00:24]} 59. Ke4 {[%emt 0:00:50]} Kf6 {[%emt 0:01:00]} 60. Kf4 {[%emt 0:00:41]} g5+ {[%emt 0:00:13]} 61. Kg4 {[%emt 0:00:29]} Bc3 {[%emt 0:00:44]} 62. Na7 {[%emt 0:00:46]} d5 {[%emt 0:00:21]} 63. Nc6 {[%emt 0:00:22]} d4 {[%emt 0:00:16]} 64. Kf3 {[%emt 0:00:45]} d3 {[%emt 0:00:54]} 65. Ke3 {[%emt 0:00:22]} d2 {[%emt 0:00:24]} 66. Ke2 {[%emt 0:00:02]} Ke6 {[%emt 0:00:30]} 67. Na7 {[%emt 0:00:39]} g4 {[%emt 0:00:34]} 68. Nb5 {[%emt 0:00:12]} Bb4 {[%emt 0:00:40]} 69. Nd4+ {[%emt 0:00:12]} Kd5 {[%emt 0:00:30]} 70. Nf5 {[%emt 0:00:36]} Ke4 {[%emt 0:00:35]} 71. Ne3 {[%emt 0:00:58]} g3 {[%emt 0:00:23]} 72. Ng2 {[%emt 0:00:44]} Kd4 {[%emt 0:00:23]} 73. Ne3 {[%emt 0:00:41]} Kc3 {[%emt 0:00:13]} 74. Kf3 {[%emt 0:00:31]} Bc5 {[%emt 0:00:30]} 75. Nd5+ {[%emt 0:00:35]} Kxb3 {[%emt 0:00:29]} 76. Ke2 {[%emt 0:00:36]} Kc2 {[%emt 0:00:13]} 77. Kf3 {[%emt 0:00:28]} d1=Q+ {[%emt 0:00:10]} 78. Kxg3 {[%emt 0:00:09]} Qxd5 79. Kh3 0-1

[Event "14th Vandoeuvre Open 2018"]
[Site "?"]
[Date "2018.01.05"]
[Round "8"]
[White "Berthier, Grant"]
[Black "Oney, Remel"]
[Result "0-1"]
[WhiteElo "1799"]
[BlackElo "1828"]
[PlyCount "68"]
[EventDate "2018.??.??"]
[EventType "swiss"]
[EventCountry "FRA"]
[SourceTitle "Vandoeuvre"]
[TimeControl "5400+30"]
[WhiteClock "0:47:29"]
[BlackClock "0:58:41"]

1. d4 {[%emt 0:00:00]} d5 {[%emt 0:00:00]} 2. Bf4 {[%emt 0:00:07]} Nf6 {[%emt 0:00:03]} 3. e3 {[%emt 0:00:41]} c5 {[%emt 0:00:40]} 4. c3 {[%emt 0:00:18]} Nc6 {[%emt 0:00:11]} 5. Bd3 {[%emt 0:03:12]} Qb6 {[%emt 0:01:06]} 6. Qc1 {[%emt 0:00:51]} g6 {[%emt 0:06:03]} 7. h3 {[%emt 0:00:26]} Bg7 {[%emt 0:00:55]} 8. Nf3 {[%emt 0:00:31]} O-O {[%emt 0:00:26]} 9. Nbd2 {[%emt 0:02:51]} Re8 {[%emt 0:03:48]} 10. O-O {[%emt 0:02:44]} Nd7 {[%emt 0:00:26]} 11. Bc2 {[%emt 0:05:28]} e5 {[%emt 0:00:22]} 12. dxe5 {[%emt 0:00:56]} Ndxe5 {[%emt 0:00:22]} 13. Nxe5 {[%emt 0:00:25]} Nxe5 {[%emt 0:00:43]} 14. Nb3 {[%emt 0:03:09]} a5 {[%emt 0:03:17]} 15. a4 {[%emt 0:01:21]} Be6 {[%emt 0:08:16]} 16. Rd1 {[%emt 0:08:22]} Rac8 {[%emt 0:05:46]} 17. Nd2 {[%emt 0:04:59]} Red8 {[%emt 0:15:51]} 18. Bxe5 {[%emt 0:01:39]} Bxe5 {[%emt 0:00:02]} 19. Nf3 {[%emt 0:00:14]} Bg7 {[%emt 0:03:11]} 20. Bd3 {[%emt 0:02:08]} d4 {[%emt 0:01:03]} 21. Bb5 {[%emt 0:01:27]} Bb3 22. Rd2 Bh6 23. Qe1 dxe3 24. fxe3 Rxd2 25. Qxd2 Rd8 26. Qe2 c4 27. Nd4 Rd5 28. Qf3 Re5 29. Re1 Qd8 30. e4 Qe7 31. Qe2 Bf4 32. Qf3 Bd2 33. Rf1 Rxe4 34. Kh1 Rf4 0-1

[Event "14th Vandoeuvre Open 2018"]
[Site "?"]
[Date "2018.01.05"]
[Round "8"]
[White "Comte, Elise"]
[Black "Bat, Bilguun"]
[Result "0-1"]
[WhiteElo "1722"]
[BlackElo "1809"]
[PlyCount "104"]
[EventDate "2018.??.??"]
[EventType "swiss"]
[EventCountry "FRA"]
[SourceTitle "Vandoeuvre"]
[TimeControl "5400+30"]
[WhiteClock "0:55:06"]
[BlackClock "0:43:50"]

1. d4 {[%emt 0:01:19]} Nf6 {[%emt 0:00:40]} 2. Nf3 {[%emt 0:00:18]} e6 {[%emt 0:00:08]} 3. Bf4 {[%emt 0:00:16]} c5 {[%emt 0:00:13]} 4. e3 {[%emt 0:00:37]} d5 {[%emt 0:00:20]} 5. c3 {[%emt 0:01:40]} Nc6 {[%emt 0:00:30]} 6. Nbd2 {[%emt 0:05:50]} a6 {[%emt 0:00:39]} 7. Bd3 {[%emt 0:02:05]} Be7 {[%emt 0:00:41]} 8. h3 {[%emt 0:05:37]} c4 {[%emt 0:01:21]} 9. Bc2 {[%emt 0:00:14]} b5 {[%emt 0:00:05]} 10. Ne5 {[%emt 0:03:22]} Bb7 {[%emt 0:02:24]} 11. O-O {[%emt 0:02:12]} Nxe5 {[%emt 0:03:13]} 12. dxe5 {[%emt 0:04:36]} Nd7 {[%emt 0:00:21]} 13. Nf3 {[%emt 0:01:59]} a5 {[%emt 0:06:44]} 14. Nd4 {[%emt 0:04:32]} Qb6 {[%emt 0:04:08]} 15. Qg4 {[%emt 0:04:58]} g6 {[%emt 0:04:41]} 16. h4 {[%emt 0:10:28]} Ba6 {[%emt 0:16:46]} 17. Rfe1 {[%emt 0:04:37]} h6 18. e4 Bb7 19. Rad1 dxe4 20. Bxe4 Bxe4 21. Rxe4 Nc5 22. Re2 Rd8 23. Be3 Qb7 24. f3 Rd5 25. Bf2 Qd7 26. Bg3 h5 27. Qf4 Nd3 28. Qe4 Bc5 29. Kh2 O-O 30. b3 Bxd4 31. cxd4 Rxd4 32. Qe3 Rd8 33. Red2 c3 34. Rc2 b4 35. a3 Nc5 36. axb4 axb4 37. Rb1 Qd5 38. Bf2 Nxb3 39. Qg5 Rd1 40. Rxd1 Qxd1 41. Ra2 Rf8 42. Be3 Qd3 43. Qh6 Qf5 44. Bf4 Nd4 45. Ra7 Ne2 46. Bg5 Qxe5+ 47. f4 Qg7 48. Rb7 Qxh6 49. Bxh6 Rc8 50. Rxb4 c2 51. f5 exf5 52. Bg5 c1=Q 0-1

[Event "14th Vandoeuvre Open 2018"]
[Site "?"]
[Date "2018.01.05"]
[Round "8"]
[White "Comte, Elise"]
[Black "Schmitt, Axel"]
[Result "0-1"]
[WhiteElo "1722"]
[BlackElo "2323"]
[PlyCount "118"]
[EventDate "2018.??.??"]
[EventType "swiss"]
[EventCountry "FRA"]
[SourceTitle "Vandoeuvre"]
[TimeControl "5400+30"]
[WhiteClock "0:22:08"]
[BlackClock "0:00:36"]

1. d4 {[%emt 0:00:00]} Nf6 {[%emt 0:00:00]} 2. Nf3 {[%emt 0:00:00]} d5 {[%emt 0:00:05]} 3. Bf4 {[%emt 0:00:02]} c5 {[%emt 0:00:16]} 4. e3 {[%emt 0:00:40]} Nc6 {[%emt 0:00:45]} 5. c3 {[%emt 0:02:09]} Qb6 {[%emt 0:00:15]} 6. Qb3 {[%emt 0:03:14]} c4 {[%emt 0:00:08]} 7. Qxb6 {[%emt 0:04:51]} axb6 {[%emt 0:01:54]} 8. Na3 {[%emt 0:05:27]} Bf5 {[%emt 0:14:06]} 9. Nb5 {[%emt 0:04:00]} Ra5 {[%emt 0:02:56]} 10. a4 {[%emt 0:03:10]} Bc2 {[%emt 0:03:34]} 11. Ne5 {[%emt 0:18:38]} Nxe5 {[%emt 0:01:27]} 12. Bxe5 {[%emt 0:05:17]} e6 {[%emt 0:01:02]} 13. Be2 {[%emt 0:11:18]} Bxa4 {[%emt 0:01:16]} 14. Nd6+ {[%emt 0:00:46]} Bxd6 {[%emt 0:00:13]} 15. Bxd6 {[%emt 0:00:06]} Kd7 {[%emt 0:00:28]} 16. Bb4 {[%emt 0:01:39]} Ra6 {[%emt 0:00:17]} 17. f3 {[%emt 0:02:34]} Rha8 {[%emt 0:00:22]} 18. Kd2 {[%emt 0:01:36]} Bb3 {[%emt 0:00:19]} 19. Ba3 {[%emt 0:00:09]} Ne8 {[%emt 0:00:30]} 20. e4 {[%emt 0:03:05]} Nd6 {[%emt 0:01:05]} 21. exd5 {[%emt 0:02:05]} exd5 {[%emt 0:00:07]} 22. Rab1 {[%emt 0:02:59]} Nb5 {[%emt 0:00:39]} 23. Bb4 {[%emt 0:01:43]} Ra2 {[%emt 0:00:45]} 24. f4 {[%emt 0:01:35]} Nd6 {[%emt 0:10:48]} 25. Bg4+ {[%emt 0:02:13]} Kc6 {[%emt 0:00:21]} 26. Bxd6 {[%emt 0:00:16]} Kxd6 {[%emt 0:00:11]} 27. Rhe1 {[%emt 0:00:41]} Ba4 {[%emt 0:09:26]} 28. Re5 {[%emt 0:04:26]} Re8 {[%emt 0:03:00]} 29. Bf5 {[%emt 0:03:08]} g6 {[%emt 0:02:24]} 30. Bc2 {[%emt 0:01:14]} Bxc2 {[%emt 0:06:43]} 31. Kxc2 {[%emt 0:00:06]} Rxe5 {[%emt 0:00:09]} 32. fxe5+ {[%emt 0:00:17]} Ke7 {[%emt 0:00:23]} 33. Rf1 {[%emt 0:00:30]} b5 {[%emt 0:00:16]} 34. g4 {[%emt 0:01:51]} g5 {[%emt 0:14:28]} 35. h4 {[%emt 0:03:01]} gxh4 {[%emt 0:00:22]} 36. Rh1 {[%emt 0:00:50]} Ra6 {[%emt 0:01:06]} 37. Rxh4 {[%emt 0:00:42]} h6 {[%emt 0:00:09]} 38. Rh2 {[%emt 0:01:37]} Kf8 {[%emt 0:00:30]} 39. Kd2 {[%emt 0:01:08]} Kg7 {[%emt 0:00:08]} 40. Ke3 {[%emt 0:00:19]} Ra2 {[%emt 0:00:44]} 41. Rc2 {[%emt 0:01:11]} Kg6 {[%emt 0:00:08]} 42. Kf4 {[%emt 0:00:14]} Ra1 {[%emt 0:00:23]} 43. Re2 {[%emt 0:01:51]} Ra6 {[%emt 0:05:21]} 44. Rh2 {[%emt 0:01:45]} b4 {[%emt 0:01:48]} 45. Re2 {[%emt 0:03:01]} b3 {[%emt 0:01:34]} 46. Kg3 {[%emt 0:01:28]} b5 {[%emt 0:00:15]} 47. Kh4 {[%emt 0:00:40]} Ra2 {[%emt 0:01:47]} 48. e6 {[%emt 0:01:34]} fxe6 {[%emt 0:00:06]} 49. Rxe6+ {[%emt 0:00:04]} Kf7 {[%emt 0:00:04]} 50. Re5 {[%emt 0:01:37]} Rxb2 {[%emt 0:00:11]} 51. Rxd5 {[%emt 0:00:04]} Rh2+ {[%emt 0:00:17]} 52. Kg3 {[%emt 0:00:14]} Rc2 {[%emt 0:00:06]} 53. Rxb5 {[%emt 0:00:43]} Rxc3+ {[%emt 0:00:02]} 54. Kf4 {[%emt 0:00:26]} Rc2 {[%emt 0:00:23]} 55. d5 {[%emt 0:02:14]} b2 {[%emt 0:00:17]} 56. Ke5 {[%emt 0:00:29]} c3 {[%emt 0:00:12]} 57. d6 {[%emt 0:00:35]} Rd2 {[%emt 0:00:18]} 58. Rb7+ {[%emt 0:00:35]} Kg6 {[%emt 0:00:12]} 59. Rb3 {[%emt 0:00:47]} c2 {[%emt 0:00:21] Kd4} 0-1

[Event "14th Vandoeuvre Open 2018"]
[Site "?"]
[Date "2018.01.06"]
[Round "9"]
[White "Ider, Borya"]
[Black "Fedorchuk, Sergey A"]
[Result "1-0"]
[WhiteElo "2502"]
[BlackElo "2638"]
[Annotator "TA"]
[PlyCount "109"]
[EventDate "2018.??.??"]
[EventType "swiss"]
[EventCountry "FRA"]
[SourceTitle "Vandoeuvre"]

{[%evp 15,109,0,48,17,35,33,64,68,71,19,62,33,43,-2,0,-4,18,0,83,0,85,92,79,83,97,97,110,109,114,91,118,108,108,72,80,57,61,67,77,55,92,60,80,79,82,95,114,89,94,100,312,304,12833,12833,12832,12832,6566,12110,5130,1579,1383,483,1242,806,795,777,1352,774,764,738,727,720,710,686,705,688,934,879,997,929,962,891,1074,1041,1522,1481,1202,1074,7042,6830,5123,6129,2623,1953,12842,12842]} 1. d4 Nf6 2. Bf4 e6 3. e3 Be7 4. Nd2 c5 5. c3 Nc6 6. h3 d5 7. Ngf3 O-O 8. Bd3 Qb6 {LiveBook: 10 Games. Strongly threatening ...c4. D02: 1 d4 d5 2 Nf3 sidelines, including 2...Nf6 3 g3 and 2...Nf6 3 Bf4} (8... c4 9. Bc2 b5 10. a3 Bb7 11. e4 dxe4 12. Nxe4 Nd5 13. Bh2 a5 14. O-O b4 15. axb4 axb4 16. Qe2 Ba6 {0-1 (40) Xu,Y (2516)-Yu,Y (2725) Shenzhen 2016}) 9. Qb1 Bd7 $146 ({Predecessor:} 9... cxd4 10. exd4 Bd7 11. O-O h6 12. Re1 Rac8 13. a3 Na5 14. Ne5 Bb5 15. Bc2 Nc4 16. Ndxc4 Bxc4 {1-0 (35) Malekian,B (2275)-Berglind,A (1873) Tylosand 2016}) 10. O-O Rfd8 {White is slightly better.} 11. dxc5 Bxc5 12. Bg5 (12. b4 $16 Be7 13. a3) 12... Kh8 13. Bh4 Rf8 14. e4 dxe4 15. Bxe4 Be7 16. Bd3 Rad8 (16... Nh5 $11) 17. Qc2 (17. Nc4 $16 Qb5 18. b4) 17... h6 (17... Nh5 $11 {remains equal.}) 18. Bg3 a5 19. Rad1 Nd5 20. Nc4 Qc5 21. Qe2 Be8 22. Rfe1 Kg8 23. Nfd2 Qa7 24. a4 Nb8 25. Bc2 b5 26. axb5 Bxb5 27. Qf3 Bc6 28. Ne5 $40 {[%mdl 128] White is up to no good.} Ba8 29. Qe2 Qb7 {Hoping for ...Nxc3!} 30. Ndf3 Nd7 31. Ng6 fxg6 32. Qxe6+ Kh8 $2 {[#]} (32... Rf7 $16) 33. Rxd5 $1 $18 {[%mdl 512]} Rxf3 $2 (33... Qxd5 34. Qxg6 (34. Qxe7 g5 $16) 34... Qg8) 34. Qxg6 {[%csl Gc2][%cal Rg6h7] White is clearly winning.} ({Weaker is} 34. gxf3 Qxd5 35. Qxd5 (35. Qxe7 Rf8 $18) 35... Bxd5 $18) 34... Nf8 35. Rxd8 Bxd8 36. Re8 {[%csl Gc2][%cal Rg6h7]} Kg8 37. gxf3 (37. Be5 $142 Rg3 38. Qe6+ Qf7 {[#]} 39. Bh7+ $1 {[%mdl 512]} Kxh7 40. Qxf7 Rxg2+ 41. Kf1) 37... Qxf3 38. Be4 (38. Qe6+ $142 Kh8 39. Kf1 Qh1+ 40. Ke2 Qf3+ 41. Ke1 Qh1+ 42. Kd2 Bg5+ 43. f4 Qg2+ 44. Qe2) 38... Qd1+ (38... Qxe4 $142 39. Qxe4 Bxe4) 39. Kg2 {Intending Qe6+ and mate.} Bxe4+ 40. Qxe4 {Qe6+ would kill now.} Qd7 41. Re5 Kf7 42. Rd5 Qe6 43. Rf5+ Bf6 44. Qxe6+ Nxe6 45. Rxa5 {[%mdl 4096] Endgame KRB-KBN} g5 46. Ra7+ Kg6 47. Ra6 Kf5 48. Rc6 h5 49. b4 {[%cal Bb2b4,Bb4b5,Bb5b6][%mdl 32]} h4 50. Bh2 Nd8 51. Rc5+ Ke6 52. b5 Be7 53. Rc8 Nb7 54. c4 Nc5 55. b6 {Precision: White = 59%, Black = 42%.} 1-0

[Event "14th Vandoeuvre Open 2018"]
[Site "?"]
[Date "2018.01.06"]
[Round "9"]
[White "Bellahcene, Bilel"]
[Black "Turov, Maxim"]
[Result "1/2-1/2"]
[WhiteElo "2494"]
[BlackElo "2614"]
[Annotator "TA"]
[PlyCount "53"]
[EventDate "2018.??.??"]
[EventType "swiss"]
[EventCountry "FRA"]
[SourceTitle "Vandoeuvre"]

{[%evp 9,53,9,16,18,28,10,11,0,20,12,12,-1,-3,-11,-11,-11,13,0,22,14,18,10,15,17,11,0,0,-29,31,19,32,45,45,0,32,20,99,83,233,67,68,0,194,0,85,0]} 1. e4 {[%cal Be2e4,Be4e5][%mdl 32]} c6 2. d4 d5 3. e5 Bf5 4. h4 h5 5. Bd3 Bxd3 6. Qxd3 {With the idea e6! B12: Caro-Kann: Advance Variation} Qa5+ 7. Nd2 {aiming for e6!} e6 $1 8. Ngf3 {The position is equal.} Nh6 9. O-O Nf5 10. c4 Be7 11. g3 Nd7 12. Rd1 $146 ({Predecessor:} 12. b3 Rd8 {1-0 (43) Ponomariov,R (2712)-Mchedlishvili,M (2605) Minsk 2017}) 12... Rd8 13. b3 dxc4 14. Nxc4 Qd5 15. Qe2 Nb6 16. a4 {[%cal Ba2a4,Ba4a5][%mdl 32]} Qd7 17. a5 Nd5 {[#] ...Nc3 is the strong threat.} 18. Bd2 c5 (18... O-O $11) 19. dxc5 $14 Bxc5 20. Kh2 Qb5 21. Bg5 Rd7 22. Rd3 a6 (22... O-O $11 {remains equal.}) 23. Rad1 $16 Qc6 (23... Bb4 $16 {was worth a try.}) 24. Bd2 $2 {[#]} ({White should try} 24. Nfd2 $18) 24... Be7 $14 25. Bg5 (25. Ng5 $14) 25... Bc5 $18 26. Bd2 (26. Nfd2 $18 {is more deadly.}) 26... Be7 $1 $16 27. Bg5 {Precision: White = 37%, Black = 52%.} (27. Ng5 $16) 1/2-1/2

[Event "14th Vandoeuvre Open 2018"]
[Site "?"]
[Date "2018.01.06"]
[Round "9"]
[White "Lin, Chen"]
[Black "Donchenko, Alexander"]
[Result "1/2-1/2"]
[WhiteElo "2485"]
[BlackElo "2580"]
[Annotator "TA"]
[PlyCount "115"]
[EventDate "2018.??.??"]
[EventType "swiss"]
[EventCountry "FRA"]
[SourceTitle "Vandoeuvre"]

{[%evp 19,115,21,21,21,23,19,23,14,39,0,0,-7,28,-41,0,-7,-12,-18,-27,-20,-24,-18,0,-52,0,-37,-37,-77,-26,-22,-17,-30,-35,-37,-37,-37,-29,-48,-72,-68,0,-29,0,0,0,0,0,0,0,0,0,0,0,0,21,35,50,20,11,0,0,0,0,0,0,0,0,0,0,0,0,0,8,8,8,8,8,8,8,8,8,8,8,0,0,0,0,0,8,8,8,8,8,8,8,8,8,8]} 1. e4 c6 2. Nc3 d5 3. Nf3 Nf6 4. e5 Ne4 5. Ne2 Qb6 6. d4 {B11: Caro-Kann: Two Knights Variation} e6 7. Ng3 c5 8. c3 Nc6 9. Bd3 Nxg3 10. hxg3 cxd4 {LiveBook: 14 Games} 11. cxd4 Bd7 12. Kf1 h6 ({Don't blunder} 12... Nxd4 $2 13. Be3 $18) 13. g4 {[#]} O-O-O $146 ({Wrong is} 13... Nxd4 $2 14. Be3 $18) 14. Bg5 Re8 15. Bd2 Kb8 16. Qb3 ({Better is} 16. b4 $11) 16... Nb4 17. Bxb4 Bxb4 18. a3 Bc5 19. Qxb6 Bxb6 20. Ke2 f6 21. Rac1 ({White should try} 21. Ke3 $11) 21... Ref8 (21... f5 $1 $15 22. gxf5 exf5) 22. Rh5 Be8 23. Rh3 fxe5 (23... h5 $17 24. exf6 gxf6 25. gxh5 Bxh5) 24. dxe5 $11 Rhg8 25. Rch1 Rf4 26. Rg3 Rgf8 27. g5 h5 {[%cal Bh6h5,Bh5h4][%mdl 32]} 28. g6 {[#]} h4 $1 {[%mdl 512]} 29. Rgh3 (29. Nxh4 Rxf2+) 29... Re4+ (29... Bd8 $1 $15) 30. Kd2 (30. Bxe4 {with more complications.} dxe4 31. Ng5 Rxf2+ 32. Kd1 Rxg2 33. Nxe4 Bxg6 34. Rxh4 Bd4 35. b4) 30... Bxf2 {Hoping for ...Rg4.} (30... Rg4 {seems wilder.} 31. Rxh4 Rxh4 32. Rxh4 Bxf2 33. Rh7 Rg8) 31. Bxe4 dxe4 32. Ng5 Bxg6 33. Rxh4 Bxh4 34. Rxh4 {[%mdl 4096] Endgame KRB-KRN} Kc8 35. Nxe6 Re8 36. Nf4 Bf5 37. Rh5 e3+ $1 38. Kxe3 Rxe5+ {The position is equal.} 39. Kf3 g6 40. Nxg6 Be4+ 41. Kg4 Rxh5 42. Kxh5 {Black must now prevent g4.} Bxg2 {KB-KN} 43. Kg5 Kd7 44. Kf4 Kd6 45. Ke3 Kd5 46. Nf4+ Kc4 47. Nxg2 {KN-KPP} Kb3 48. Kd4 Kxb2 49. a4 Kb3 50. a5 Kb4 51. Ne3 Kxa5 52. Nc4+ Kb4 53. Nd6 a5 54. Nxb7 a4 {[#] And now ...a3 would win.} 55. Kd3 a3 {aiming for ...a2.} 56. Kc2 a2 57. Kb2 a1=B+ 58. Kxa1 {Precision: White = 65%, Black = 49%.} 1/2-1/2

[Event "14th Vandoeuvre Open 2018"]
[Site "?"]
[Date "2018.01.06"]
[Round "9"]
[White "Kevlishvili, Robby"]
[Black "Poetsch, Hagen"]
[Result "1/2-1/2"]
[WhiteElo "2451"]
[BlackElo "2485"]
[Annotator "TA"]
[PlyCount "136"]
[EventDate "2018.??.??"]
[EventType "swiss"]
[EventCountry "FRA"]
[SourceTitle "Vandoeuvre"]

{[%evp 16,136,16,4,24,-7,0,0,-11,-27,67,60,74,70,230,230,258,26,241,126,120,115,405,164,161,161,153,153,147,150,145,150,134,148,171,172,164,177,199,199,206,137,122,95,104,80,65,71,71,55,69,41,50,50,43,43,56,56,63,48,82,83,85,84,126,0,76,84,87,84,89,81,81,95,88,83,80,98,79,85,125,8,8,8,8,8,8,8,8,8,8,8,8,8,8,8,8,8,8,8,8,8,8,8,8,8,8,8,8,8,8,8,8,8,8,8,8,0,8,8,8,0,29988]} 1. e4 e6 2. d4 d5 3. Nd2 c5 4. Ngf3 cxd4 5. Nxd4 Nc6 6. Bb5 Bd7 7. Nxc6 bxc6 8. Bd3 Bd6 {C07: French Tarrasch: 3...c5, 4 Ngf3 and 4 exd5 Qxd5} 9. Qe2 {LiveBook: 64 Games} e5 (9... Ne7 10. Nf3 h6 11. c4 O-O 12. O-O a5 13. Re1 a4 14. Bd2 Rb8 15. Bc3 Bb4 16. Ne5 Bxc3 17. bxc3 {½-½ (52) Navara,D (2740)-Kovalenko,I (2639) Katowice 2017}) 10. O-O Ne7 11. c4 d4 12. f4 exf4 $146 (12... c5 $11) ({Predecessor:} 12... c5 13. fxe5 Bxe5 14. Qh5 Ng6 15. Nf3 Qe7 16. Bd2 {1-0 (53) Essegern,K-Bergelt,M DDR 1983}) 13. e5 $1 $14 {[%cal Re5d6]} Bc7 14. Ne4 Bxe5 $2 (14... Ng6 $14) 15. Bxf4 $18 Qc7 16. Bg3 $2 (16. Rae1 $1 $18 Be6 17. Bxe5 Qxe5 18. Qd2) 16... f5 $2 (16... Bxg3 $1 $11 {and Black stays safe.} 17. Nxg3 Be6) 17. Nc5 (17. Rae1 $1 $18 O-O 18. Bxe5 Qxe5 19. Ng3 Qxe2 20. Nxe2) 17... Bxg3 $16 18. hxg3 {Hoping for Rae1.} Qxg3 $2 {[%mdl 8192]} (18... Qd6 $16 {keeps fighting.} 19. Nb7 Qb4) 19. Bxf5 (19. Rae1 $142 {[%csl Ge1][%cal Re2e7]} Qe3+ 20. Rf2 (20. Qxe3 dxe3 21. Rxe3 Rf8 $16)) 19... Bxf5 $18 20. Rxf5 Qe3+ 21. Qxe3 dxe3 22. Re5 a5 23. Rxe3 {Black must now prevent Nb7.} Ra7 24. Rae1 Rf8 25. Ne6 Rf6 26. Nxg7+ Kf7 27. Nh5 $1 {[%cal Rh5f6]} Rf5 28. Ng3 Rf4 29. Ne4 Nf5 30. Rf3 Rxf3 31. Ng5+ Kf6 32. Nxf3 $16 {[%mdl 4096] Endgame KRN-KRN} Rb7 33. b3 {g4 is the strong threat.} a4 $1 34. Nd2 axb3 35. axb3 Rd7 36. Ne4+ Kg6 37. Kf2 Rf7 38. Nc5 Nd4+ 39. Kg3 Rg7 40. Kf2 Rf7+ {[#]} 41. Kg1 $1 Rf5 42. Re4 Nc2 43. Nd3 c5 44. Re5 Rxe5 45. Nxe5+ {KN-KN} Kf5 46. Nd3 Ke4 47. Nxc5+ Kd4 {[#]} 48. Ne6+ (48. Na4 $1 $16) 48... Kc3 $11 {The position is equal.} 49. c5 Nb4 50. Kf2 {aiming for Ke3.} Kxb3 51. Ke3 {Threatens to win with Kd4.} Kc4 52. Ke4 {Strongly threatening Ke5.} Nc6 53. g3 h5 $1 54. Kf5 {Black should prevent Ke4.} Kd5 55. Kf6 Nb8 56. Nf4+ Ke4 57. Kg5 Kd4 58. Nxh5 ({Don't play} 58. Kxh5 $6 Kxc5 59. Kg5 Kd4 $16) 58... Kxc5 59. g4 Kd6 60. Kf5 Nc6 61. Kf6 Ne5 62. g5 Nd7+ 63. Kg7 Ke6 64. Ng3 Ne5 65. Kh7 Nd7 66. Kg7 Ne5 67. Kg8 Ng6 68. Kg7 Ke5 $2 {[%mdl 40960] Precision: White = 44%, Black = 53%. . An unexpected result.} (68... Ne5 $11) 1/2-1/2